| 000 | 00671nam a22002057a 4500 | ||
|---|---|---|---|
| 005 | 20251108180006.0 | ||
| 008 | 250721s2017 xx 000 0 ara d | ||
| 082 | 1 | 4 | _a741.019/مهن |
| 100 | 1 | _aالمهنا، عبدالله مهنا | |
| 245 | 1 | 0 | _aتطور رسوم الطفل التعبيرية من الطفولة الى المراهقة / |
| 250 | _aط.2 | ||
| 264 | 1 |
_aالكويت : _bمكتبة الفلاح للنشر و التوزيع، _c2017. |
|
| 300 | _a351ص. | ||
| 650 | 1 | 7 | _aالرسم |
| 650 | 1 | 7 | _aالرسومات |
| 650 | 1 | 7 | _aفلسفة الفنون |
| 650 | 1 | 7 | _aسيكولوجيا الاطفال |
| 942 |
_2ddc _cBK |
||
| 999 |
_c147205 _d147205 |
||